[Event "Gorzow Wielkopolski Lasker Memorial 2nd"]
[Site "Gorzow Wielkopolski"]
[Date "2018.07.04"]
[Round "3"]
[White "Chojnacki, Krzysztof"]
[Black "Bartnicki, Pawel"]
[Result "1-0"]
[WhiteElo "2385"]
[BlackElo "2085"]
[PlyCount "45"]
[EventDate "2018.07.02"]
[EventType "swiss"]
[EventRounds "7"]
[EventCountry "POL"]
[SourceTitle "CBM 185 Extra"]
[Source "ChessBase"]
[SourceDate "2018.07.29"]
[SourceVersion "1"]
[SourceVersionDate "2018.07.29"]
[SourceQuality "1"]

1. d4 Nf6 2. c4 d6 3. Nc3 e5 4. dxe5 dxe5 5. Qxd8+ Kxd8 6. Nf3 Nfd7 7. g4 f6 8. b3 Nc5 9. Rg1 a5 10. Be3 Be6 11. 0-0-0+ Nbd7 12. g5 c6 13. gxf6 gxf6 14. Rg3 Kc7 15. Bh3 Bxh3 16. Rxh3 Ne6 17. Ne4 a4 18. Kb2 axb3 19. axb3 Ba3+ 20. Kc3 Be7 21. Nh4 Ra2 22. Ng6 Re8 23. Rxh7 1-0

[Event "Lubuska Wiosna op 7th"]
[Site "Gorzow Wielkopolski"]
[Date "2011.04.21"]
[Round "4"]
[White "Bartnicki, Pawel"]
[Black "Krolik, Wladyslaw"]
[Result "1-0"]
[WhiteElo "2102"]
[BlackElo "1702"]
[PlyCount "45"]
[EventDate "2011.04.20"]
[EventType "swiss"]
[EventRounds "7"]
[EventCountry "POL"]
[SourceTitle "CBM 142 Extra"]
[Source "ChessBase"]
[SourceDate "2011.06.27"]
[SourceVersion "1"]
[SourceVersionDate "2011.06.27"]
[SourceQuality "1"]

1. d4 b6 2. e4 Bb7 3. Bd3 g6 4. f4 Bg7 5. Nf3 e6 6. 0-0 d6 7. f5 exf5 8. exf5 Ne7 9. Bg5 f6 10. Bd2 g5 11. Nxg5 fxg5 12. f6 Bxf6 13. Rxf6 Qd7 14. Qh5+ Kd8 15. Nc3 Nbc6 16. Raf1 Qe8 17. Rf7 h6 18. Qg4 Bc8 19. Qe4 Bb7 20. Bb5 a6 21. Rxe7 Nxe7 22. Qxb7 axb5 23. Qxa8+ 1-0

[Event "Gorzow Wiosna op 6th"]
[Site "Gorzow Wielkopolski"]
[Date "2010.04.02"]
[Round "5"]
[White "Bartnicki, Pawel"]
[Black "Wisniowska, Klaudia"]
[Result "1-0"]
[WhiteElo "2130"]
[BlackElo "1961"]
[PlyCount "85"]
[EventDate "2010.03.30"]
[EventType "swiss"]
[EventRounds "7"]
[EventCountry "POL"]
[SourceTitle "EXT 2023"]
[Source "ChessBase"]
[SourceDate "2022.10.05"]
[SourceVersion "1"]
[SourceVersionDate "2022.10.05"]
[SourceQuality "1"]

1. d4 Nf6 2. Nf3 g6 3. c4 Bg7 4. Nc3 0-0 5. e4 d6 6. Be2 e5 7. dxe5 dxe5 8. Qxd8 Rxd8 9. Bg5 Nbd7 10. 0-0-0 Rf8 11. Nd2 c6 12. Nb3 a5 13. a4 h5 14. Rd2 Kh7 15. Rhd1 Bh6 16. h4 Kg7 17. Kc2 Re8 18. Rd6 Re7 19. Nc5 Bxg5 20. hxg5 Ne8 21. Rxd7 Bxd7 22. Rxd7 Rxd7 23. Nxd7 f6 24. gxf6+ Nxf6 25. Nxe5 Re8 26. f4 h4 27. Kd3 g5 28. fxg5 Rxe5 29. gxf6+ Kxf6 30. Bf3 Rg5 31. Ke3 Ke5 32. Ne2 Kd6 33. Nd4 Rg8 34. Nb3 b6 35. c5+ bxc5 36. Nxa5 Rb8 37. b3 Rb4 38. Nc4+ Ke6 39. Bg4+ Kf6 40. e5+ Kg5 41. Bd1 Kf5 42. Bc2+ Kg4 43. e6 1-0

[Event "Gorzow Wiosna op 6th"]
[Site "Gorzow Wielkopolski"]
[Date "2010.04.02"]
[Round "6"]
[White "Klim, Kamil"]
[Black "Bartnicki, Pawel"]
[Result "1-0"]
[WhiteElo "2247"]
[BlackElo "2130"]
[PlyCount "97"]
[EventDate "2010.03.30"]
[EventType "swiss"]
[EventRounds "7"]
[EventCountry "POL"]
[SourceTitle "EXT 2023"]
[Source "ChessBase"]
[SourceDate "2022.10.05"]
[SourceVersion "1"]
[SourceVersionDate "2022.10.05"]
[SourceQuality "1"]

1. d4 Nf6 2. c4 c5 3. d5 b5 4. Nf3 bxc4 5. Nc3 d6 6. e4 g6 7. Bxc4 Nbd7 8. h3 Bg7 9. 0-0 0-0 10. Re1 Nb6 11. Bf1 Bb7 12. Bf4 Nfd7 13. Qd2 a5 14. Rad1 f6 15. a4 Ba6 16. Bxa6 Rxa6 17. Qe2 Ra8 18. h4 Ne5 19. Bxe5 dxe5 20. h5 Qd7 21. hxg6 hxg6 22. Nh4 Kf7 23. d6 exd6 24. Nb5 d5 25. exd5 Rh8 26. Nf3 Rh5 27. b3 Rah8 28. Kf1 Rh1+ 29. Ng1 R8h4 30. Qe3 Rd4 31. d6 Bh6 32. Qc3 Rxd1 33. Rxd1 Bf4 34. f3 Qc6 35. d7 Nxd7 36. Qc4+ Ke7 37. Rd6 Qxd6 38. Nxd6 Kxd6 39. Qd3+ Ke6 40. g3 Bg5 41. Kg2 Rh8 42. Nh3 Rb8 43. Nxg5+ fxg5 44. Qxg6+ Nf6 45. g4 Rxb3 46. Qf5+ Kf7 47. Qxe5 Ra3 48. Qc7+ Kg8 49. Qxa5 1-0

[Event "Gorzow Wiosna op 6th"]
[Site "Gorzow Wielkopolski"]
[Date "2010.04.01"]
[Round "3"]
[White "Bartnicki, Pawel"]
[Black "Dragun, Kamil"]
[Result "0-1"]
[WhiteElo "2130"]
[BlackElo "2378"]
[PlyCount "136"]
[EventDate "2010.03.30"]
[EventType "swiss"]
[EventRounds "7"]
[EventCountry "POL"]
[SourceTitle "EXT 2023"]
[Source "ChessBase"]
[SourceDate "2022.10.05"]
[SourceVersion "1"]
[SourceVersionDate "2022.10.05"]
[SourceQuality "1"]

1. d4 Nf6 2. c4 g6 3. Nf3 Bg7 4. g3 c6 5. Nc3 d5 6. Bg2 0-0 7. cxd5 cxd5 8. Qb3 Nc6 9. 0-0 Ne4 10. Rd1 Na5 11. Qb4 Bf5 12. Bf4 Nxc3 13. bxc3 b6 14. Nd2 Rc8 15. e4 dxe4 16. Nxe4 Rc4 17. Qa3 Qd7 18. Rac1 Re8 19. Qb2 Qa4 20. Re1 Rcc8 21. Bf1 Nc4 22. Qb3 Bd7 23. Nd2 Nxd2 24. Bxd2 Qa5 25. Qb2 Qh5 26. Bf4 Bc6 27. Bg2 Bxg2 28. Kxg2 Qd5+ 29. Kg1 e6 30. Qb3 Rc4 31. Be5 Bh6 32. Rcd1 Rec8 33. Qa3 Qd7 34. Rd3 Bf8 35. Qb2 Qc6 36. Ree3 b5 37. Rf3 Bh6 38. Qa3 Qb7 39. d5 b4 40. cxb4 exd5 41. Rc3 Bf8 42. Rxc4 Rxc4 43. Rf4 Rxf4 44. Bxf4 d4 45. Qb2 Qxb4 46. Qxb4 Bxb4 47. Kf1 d3 48. f3 f6 49. h4 Kf7 50. Kf2 Ke6 51. Ke3 d2 52. Ke2 Kd5 53. Bxd2 Bxd2 54. Kxd2 Kd4 55. g4 f5 56. gxf5 gxf5 57. h5 f4 58. h6 a6 59. a3 a5 60. a4 Kc4 61. Kc2 Kb4 62. Kd3 Kxa4 63. Ke4 Kb5 64. Kxf4 a4 65. Kf5 a3 66. Kf6 a2 67. Kg7 a1Q+ 68. Kxh7 Qf6 0-1

[Event "Lubuska Wiosna op 4th"]
[Site "Gorzow Wielkopolski"]
[Date "2008.03.21"]
[Round "3"]
[White "Bronowicki, Mateusz"]
[Black "Bartnicki, Pawel"]
[Result "1-0"]
[WhiteElo "2300"]
[BlackElo "2062"]
[PlyCount "63"]
[EventDate "2008.03.20"]
[EventType "swiss"]
[EventRounds "9"]
[EventCountry "POL"]
[SourceTitle "CBM 123 Extra"]
[Source "ChessBase"]
[SourceDate "2008.05.06"]
[SourceVersion "1"]
[SourceVersionDate "2008.05.06"]
[SourceQuality "1"]

1. d4 Nf6 2. c4 c5 3. d5 g6 4. Nc3 d6 5. g3 Bg7 6. Bg2 0-0 7. Nf3 Na6 8. Bf4 Nc7 9. Qd2 Re8 10. e4 a6 11. 0-0 b5 12. e5 Ng4 13. Rae1 bxc4 14. h3 Nxe5 15. Nxe5 dxe5 16. Bxe5 Bxe5 17. Rxe5 Rb8 18. Rfe1 Bf5 19. Qe3 Rxb2 20. Qxc5 Nb5 21. Nxb5 axb5 22. g4 Bd3 23. Rxe7 Rxe7 24. Rxe7 Rb1+ 25. Kh2 c3 26. d6 c2 27. d7 c1Q 28. Re8+ Kg7 29. Qf8+ Kf6 30. Rxd8 Kg5 31. Re8 Be4 32. h4+ 1-0

[Event "POL-chT U19 2nd League"]
[Site "Lublin"]
[Date "2007.07.15"]
[Round "11"]
[White "Boratynski, Piotr"]
[Black "Bartnicki, Pawel"]
[Result "1/2-1/2"]
[WhiteElo "1938"]
[BlackElo "2054"]
[PlyCount "60"]
[EventDate "2007.07.07"]
[EventType "team-swiss"]
[EventRounds "11"]
[EventCountry "POL"]
[SourceTitle "EXT 2010"]
[Source "ChessBase"]
[SourceDate "2010.11.25"]
[SourceVersion "1"]
[SourceVersionDate "2010.11.25"]
[SourceQuality "1"]
[WhiteTeam "Kielce Zak U19"]
[BlackTeam "Gorzow Wielkopolski Stilon U19 II"]
[WhiteTeamCountry "POL"]
[BlackTeamCountry "POL"]

1. g4 d5 2. Bg2 c6 3. h3 e5 4. d4 e4 5. Bf4 Bd6 6. e3 Bxf4 7. exf4 f5 8. g5 Qb6 9. b3 Be6 10. Ne2 Na6 11. c3 0-0-0 12. a4 c5 13. Bf1 Qd6 14. Na3 Nc7 15. dxc5 Qxc5 16. Qd4 Qxd4 17. Nxd4 Bd7 18. h4 Ne7 19. Kd2 h6 20. Be2 hxg5 21. hxg5 Ng6 22. Ke3 Rh4 23. Rxh4 Nxh4 24. Rg1 Rh8 25. Nab5 Nxb5 26. axb5 Ng6 27. c4 dxc4 28. Bxc4 Rh3+ 29. Rg3 Rh4 30. Ne6 Rh7 1/2-1/2

[Event "POL-chT U19 2nd League"]
[Site "Lublin"]
[Date "2007.07.12"]
[Round "8"]
[White "Bartnicki, Pawel"]
[Black "Wydra, Tomasz"]
[Result "1-0"]
[WhiteElo "2054"]
[BlackElo "1830"]
[PlyCount "46"]
[EventDate "2007.07.07"]
[EventType "team-swiss"]
[EventRounds "11"]
[EventCountry "POL"]
[SourceTitle "EXT 2010"]
[Source "ChessBase"]
[SourceDate "2010.11.25"]
[SourceVersion "1"]
[SourceVersionDate "2010.11.25"]
[SourceQuality "1"]
[WhiteTeam "Gorzow Wielkopolski Stilon U19 II"]
[BlackTeam "Radkow Giecek U19"]
[WhiteTeamCountry "POL"]
[BlackTeamCountry "POL"]

1. e4 e5 2. Nc3 Nf6 3. f4 d6 4. Nf3 Nc6 5. Bb5 Bg4 6. 0-0 Be7 7. d3 0-0 8. Bxc6 bxc6 9. fxe5 dxe5 10. Be3 Nd7 11. Qe1 Bxf3 12. Rxf3 Bc5 13. Bxc5 Nxc5 14. Ne2 Ne6 15. Qc3 Qd6 16. Raf1 f6 17. a4 c5 18. Qc4 Kh8 19. b3 Nd4 20. Nxd4 cxd4 21. b4 a5 22. b5 Ra7 23. Rb1 Rc8 1-0

[Event "POL-chT U19 2nd League"]
[Site "Lublin"]
[Date "2007.07.11"]
[Round "6"]
[White "Bartnicki, Pawel"]
[Black "Sadzikowski, Daniel"]
[Result "1/2-1/2"]
[WhiteElo "2054"]
[BlackElo "2114"]
[PlyCount "91"]
[EventDate "2007.07.07"]
[EventType "team-swiss"]
[EventRounds "11"]
[EventCountry "POL"]
[SourceTitle "EXT 2010"]
[Source "ChessBase"]
[SourceDate "2010.11.25"]
[SourceVersion "1"]
[SourceVersionDate "2010.11.25"]
[SourceQuality "1"]
[WhiteTeam "Gorzow Wielkopolski Stilon U19 II"]
[BlackTeam "Chrzanow UKS SP 8 U19"]
[WhiteTeamCountry "POL"]
[BlackTeamCountry "POL"]

1. e4 c5 2. Nc3 e6 3. g3 Nc6 4. Bg2 g6 5. Nge2 Bg7 6. 0-0 Nge7 7. d3 0-0 8. Be3 Nd4 9. Qd2 d6 10. Nd1 Rb8 11. c3 Nxe2+ 12. Qxe2 b5 13. f4 b4 14. Rc1 Qa5 15. cxb4 cxb4 16. b3 Bd7 17. g4 f5 18. Nf2 Rbc8 19. Rxc8 Rxc8 20. gxf5 exf5 21. Rc1 Rxc1+ 22. Bxc1 Bd4 23. Kf1 Qc5 24. Bb2 Nc6 25. exf5 Bxb2 26. Qxb2 Bxf5 27. Bxc6 Qxc6 28. Qd4 a5 29. Ke1 d5 30. Nd1 h5 31. Kd2 Be6 32. Qf6 Kh7 33. Qe7+ Kg8 34. Qd8+ Kh7 35. Qxa5 Qd6 36. Qa7+ Kg8 37. Qd4 Qa6 38. Qxb4 Qxa2+ 39. Ke3 Qxh2 40. Qb8+ Kg7 41. Qe5+ Kf7 42. Qc7+ Kg8 43. Qb8+ Kg7 44. Qe5+ Kf7 45. Qc7+ Kg8 46. Qb8+ 1/2-1/2

[Event "POL-chT U19 2nd League"]
[Site "Lublin"]
[Date "2007.07.10"]
[Round "5"]
[White "Marcinowski, Zbigniew"]
[Black "Bartnicki, Pawel"]
[Result "0-1"]
[WhiteElo "2096"]
[BlackElo "2054"]
[PlyCount "98"]
[EventDate "2007.07.07"]
[EventType "team-swiss"]
[EventRounds "11"]
[EventCountry "POL"]
[SourceTitle "EXT 2010"]
[Source "ChessBase"]
[SourceDate "2010.11.25"]
[SourceVersion "1"]
[SourceVersionDate "2010.11.25"]
[SourceQuality "1"]
[WhiteTeam "Jastrzebie Zdroj Pionier U19"]
[BlackTeam "Gorzow Wielkopolski Stilon U19 II"]
[WhiteTeamCountry "POL"]
[BlackTeamCountry "POL"]

1. e4 e6 2. d4 d5 3. exd5 exd5 4. Bd3 Bd6 5. Ne2 Ne7 6. Bf4 Nbc6 7. c3 Be6 8. Nd2 Ng6 9. Bg3 Qd7 10. Qc2 Nce7 11. Nf3 Bf5 12. Bxd6 Bxd3 13. Qxd3 Qxd6 14. Qb5+ Qc6 15. Qxc6+ Nxc6 16. Kd2 f6 17. Nc1 Kf7 18. Nd3 b6 19. Rhe1 Rhe8 20. b3 Rxe1 21. Rxe1 Nce7 22. c4 dxc4 23. bxc4 Rd8 24. Kc3 a5 25. a4 Nf8 26. Rb1 g5 27. h3 Ne6 28. Re1 Nf5 29. d5 Nf8 30. g4 Nd6 31. Nd4 Re8 32. Rxe8 Kxe8 33. Nf5 Nxf5 34. gxf5 Nd7 35. Kd4 Ke7 36. c5 bxc5+ 37. Nxc5 Nb6 38. Nb7 Nxa4 39. Nxa5 h5 40. f3 Nb2 41. Nc6+ Kd7 42. Kc5 Nd3+ 43. Kd4 Nf4 44. Nb4 Nxh3 45. Nd3 Nf4 46. Nf2 Ne2+ 47. Kc5 Ng3 48. Nd3 Nxf5 49. f4 g4 0-1

[Event "POL-chT U19 2nd League"]
[Site "Lublin"]
[Date "2007.07.08"]
[Round "2"]
[White "Ryszkiewicz, Adam"]
[Black "Bartnicki, Pawel"]
[Result "1/2-1/2"]
[WhiteElo "1827"]
[BlackElo "2054"]
[PlyCount "48"]
[EventDate "2007.07.07"]
[EventType "team-swiss"]
[EventRounds "11"]
[EventCountry "POL"]
[SourceTitle "EXT 2010"]
[Source "ChessBase"]
[SourceDate "2010.11.25"]
[SourceVersion "1"]
[SourceVersionDate "2010.11.25"]
[SourceQuality "1"]
[WhiteTeam "Suwalki UMKS Jacwiez U19"]
[BlackTeam "Gorzow Wielkopolski Stilon U19 II"]
[WhiteTeamCountry "POL"]
[BlackTeamCountry "POL"]

1. e4 g6 2. d4 Bg7 3. Nf3 d6 4. Nc3 c6 5. Be2 Nf6 6. Bg5 Qa5 7. Qd2 b5 8. Bd3 Nbd7 9. e5 b4 10. exf6 bxc3 11. fxg7 cxd2+ 12. Bxd2 Qxd2+ 13. Kxd2 Rg8 14. c3 Rxg7 15. Rhe1 Rb8 16. Kc2 c5 17. Rab1 Bb7 18. Be4 Kd8 19. Bxb7 Rxb7 20. dxc5 Nxc5 21. Nd4 Kd7 22. b4 Ne6 23. Nb3 Rg8 24. Na5 Rc7 1/2-1/2

[Event "Niederschlesien-ch op"]
[Site "Wroclaw"]
[Date "2007.06.25"]
[Round "1"]
[White "Bartnicki, Pawel"]
[Black "Kuzmicz, Krystian"]
[Result "1/2-1/2"]
[WhiteElo "2033"]
[BlackElo "2397"]
[PlyCount "55"]
[EventDate "2007.06.25"]
[EventType "swiss"]
[EventRounds "9"]
[EventCountry "POL"]
[SourceTitle "EXT 2011"]
[Source "ChessBase"]
[SourceDate "2010.11.26"]
[SourceVersion "1"]
[SourceVersionDate "2010.11.26"]
[SourceQuality "1"]

1. e4 c5 2. Nc3 a6 3. a4 Nc6 4. g3 g6 5. Bg2 Bg7 6. Nge2 d6 7. d3 e6 8. 0-0 Rb8 9. Be3 Nd4 10. Qd2 b5 11. axb5 axb5 12. Nd1 b4 13. f4 Ne7 14. Nxd4 cxd4 15. Bf2 b3 16. c3 dxc3 17. bxc3 0-0 18. d4 d5 19. e5 Qc7 20. g4 Bd7 21. Bh4 f6 22. Re1 Nc6 23. exf6 Bxf6 24. Bg3 Qb6 25. f5 e5 26. Bxd5+ Kh8 27. fxg6 exd4 28. Qh6 1/2-1/2

[Event "POL Academic Cup 2nd"]
[Site "Wroclaw"]
[Date "2007.05.02"]
[Round "6"]
[White "Bartnicki, Pawel"]
[Black "Buzun, Michal"]
[Result "1-0"]
[WhiteElo "2033"]
[BlackElo "1858"]
[PlyCount "59"]
[EventDate "2007.04.28"]
[EventType "swiss"]
[EventRounds "9"]
[EventCountry "POL"]
[SourceTitle "EXT 2011"]
[Source "ChessBase"]
[SourceDate "2010.11.26"]
[SourceVersion "1"]
[SourceVersionDate "2010.11.26"]
[SourceQuality "1"]

1. e4 c5 2. Nc3 Nc6 3. f4 g6 4. Nf3 Bg7 5. Bc4 e6 6. f5 exf5 7. exf5 d6 8. fxg6 hxg6 9. 0-0 Nf6 10. Re1+ Kf8 11. d3 Bg4 12. h3 Bf5 13. Bg5 Qd7 14. Qd2 a6 15. a4 Rb8 16. Qf2 Nh7 17. Bf4 Ne5 18. Nxe5 Bxe5 19. Be3 Bf6 20. g4 Bxg4 21. hxg4 Qxg4+ 22. Qg2 Qh5 23. Rf1 Kg7 24. Ne4 d5 25. Ng3 Qg4 26. Rf4 Qg5 27. Bxd5 b6 28. Be4 Bxb2 29. Rxf7+ Kxf7 30. Bxg5 1-0

[Event "POL Academic Cup 2nd"]
[Site "Wroclaw"]
[Date "2007.04.29"]
[Round "2"]
[White "Bartnicki, Pawel"]
[Black "Kmiecik, Emilia"]
[Result "1-0"]
[WhiteElo "2033"]
[BlackElo "1879"]
[PlyCount "53"]
[EventDate "2007.04.28"]
[EventType "swiss"]
[EventRounds "9"]
[EventCountry "POL"]
[SourceTitle "EXT 2011"]
[Source "ChessBase"]
[SourceDate "2010.11.26"]
[SourceVersion "1"]
[SourceVersionDate "2010.11.26"]
[SourceQuality "1"]

1. e4 Nf6 2. Nc3 d6 3. d4 g6 4. Nf3 Bg7 5. Bc4 0-0 6. Qe2 c6 7. Bb3 h6 8. Bf4 b5 9. a3 Qb6 10. Rd1 Ba6 11. Qd2 Kh7 12. h3 Qb7 13. e5 dxe5 14. dxe5 Nfd7 15. Ne4 e6 16. 0-0 c5 17. Nd6 Qc7 18. c3 Nb6 19. Ne4 c4 20. Nf6+ Bxf6 21. exf6 Qc5 22. Bd6 Qf5 23. Bxf8 Qxf6 24. Qxh6+ Kg8 25. Bg7 Qxg7 26. Rd8+ Qf8 27. Rxf8# 1-0

[Event "POL-ch U18"]
[Site "Leba"]
[Date "2007.03.31"]
[Round "10"]
[White "Plichta, Kamil"]
[Black "Bartnicki, Pawel"]
[Result "1/2-1/2"]
[WhiteElo "2001"]
[BlackElo "2032"]
[PlyCount "138"]
[EventDate "2007.03.24"]
[EventType "swiss"]
[EventRounds "11"]
[EventCountry "POL"]
[SourceTitle "EXT 2011"]
[Source "ChessBase"]
[SourceDate "2010.11.26"]
[SourceVersion "1"]
[SourceVersionDate "2010.11.26"]
[SourceQuality "1"]

1. d4 Nf6 2. c4 e6 3. Nc3 Bb4 4. e3 0-0 5. Nge2 b6 6. a3 Be7 7. Ng3 Bb7 8. e4 d6 9. Bd3 c5 10. d5 Nbd7 11. 0-0 exd5 12. exd5 Ne5 13. b3 Nxd3 14. Qxd3 Ng4 15. f4 Bf6 16. Ra2 Bc8 17. h3 Bd4+ 18. Kh1 Qh4 19. Nce4 Rd8 20. Re2 f5 21. Ng5 g6 22. Bd2 Bd7 23. Be1 Qh6 24. Re7 Nf6 25. Bc3 Bxc3 26. Qxc3 Rf8 27. Rfe1 Rae8 28. Rxe8 Rxe8 29. Rxe8+ Nxe8 30. Qe1 Qg7 31. Kh2 h6 32. Nf3 Nf6 33. Qe3 Kf8 34. a4 Qe7 35. Qc3 Kg8 36. Qe1 Qxe1 37. Nxe1 Kf7 38. Kg1 g5 39. Ne2 Ne4 40. g3 Kf6 41. Kg2 Be8 42. Nf3 Bh5 43. Nc1 a6 44. h4 gxf4 45. gxf4 Bg4 46. Nh2 Bd1 47. Nf3 Kg6 48. Nh2 Nd2 49. Nf1 Nxf1 50. Kxf1 Kh5 51. Ke1 Bc2 52. Kd2 Be4 53. b4 Kxh4 54. a5 b5 55. bxc5 dxc5 56. Nd3 bxc4 57. d6 Bc6 58. Nxc5 Kg3 59. Nxa6 Kxf4 60. Nb8 Ke5 61. d7 Bxd7 62. Nxd7+ Kd6 63. a6 Kc6 64. Kc3 f4 65. Kxc4 h5 66. Kd3 h4 67. Ke2 h3 68. Kf2 Kc7 69. Kg1 f3 1/2-1/2

[Event "POL-ch U18"]
[Site "Leba"]
[Date "2007.03.30"]
[Round "9"]
[White "Bartnicki, Pawel"]
[Black "Rawicz, Karol"]
[Result "1/2-1/2"]
[WhiteElo "2032"]
[BlackElo "2166"]
[PlyCount "124"]
[EventDate "2007.03.24"]
[EventType "swiss"]
[EventRounds "11"]
[EventCountry "POL"]
[SourceTitle "EXT 2011"]
[Source "ChessBase"]
[SourceDate "2010.11.26"]
[SourceVersion "1"]
[SourceVersionDate "2010.11.26"]
[SourceQuality "1"]

1. Nf3 Nf6 2. g3 c5 3. Bg2 d5 4. 0-0 Nc6 5. d3 e5 6. e4 Be7 7. Nc3 d4 8. Ne2 Nd7 9. Nd2 h5 10. f4 h4 11. f5 hxg3 12. hxg3 Bg5 13. Nf3 Be3+ 14. Bxe3 dxe3 15. Qc1 Nd4 16. Nexd4 exd4 17. c3 Qf6 18. cxd4 cxd4 19. Qc7 Qh6 20. Qc4 Ne5 21. Qxd4 Ng4 22. Nh4 Qg5 23. Rae1 Bd7 24. Qd6 Rd8 25. Qf4 Qxf4 26. Rxf4 Ne5 27. Rxe3 Bb5 28. Bf1 Bxd3 29. Bxd3 Nxd3 30. Rf1 Ke7 31. Re2 Ne5 32. Nf3 Kf6 33. Kg2 Rc8 34. Rd1 Rhd8 35. Red2 Rxd2+ 36. Rxd2 Rc1 37. b3 Ra1 38. Kf2 a5 39. Ke3 Nxf3 40. Kxf3 b5 41. Rd5 a4 42. Rxb5 a3 43. Kg4 Rxa2 44. e5+ Ke7 45. Rb7+ Kf8 46. Kg5 Rf2 47. g4 a2 48. Ra7 Ke8 49. b4 Kd8 50. b5 Rb2 51. b6 Ke8 52. b7 Rxb7 53. Rxa2 Rb5 54. Re2 Ke7 55. e6 g6 56. exf7+ Kxf7 57. Ra2 gxf5 58. gxf5 Rb6 59. Ra7+ Kf8 60. Rh7 Kg8 61. Rc7 Kf8 62. f6 Rb1 1/2-1/2

[Event "POL-ch U18"]
[Site "Leba"]
[Date "2007.03.28"]
[Round "7"]
[White "Bartnicki, Pawel"]
[Black "Fistek, Dariusz"]
[Result "0-1"]
[WhiteElo "2032"]
[BlackElo "2126"]
[PlyCount "126"]
[EventDate "2007.03.24"]
[EventType "swiss"]
[EventRounds "11"]
[EventCountry "POL"]
[SourceTitle "EXT 2011"]
[Source "ChessBase"]
[SourceDate "2010.11.26"]
[SourceVersion "1"]
[SourceVersionDate "2010.11.26"]
[SourceQuality "1"]

1. Nf3 Nf6 2. d4 g6 3. Bf4 Bg7 4. c3 d5 5. Qc1 h6 6. h3 Nbd7 7. e3 0-0 8. Bd3 b6 9. Nbd2 Bb7 10. Qb1 c5 11. g4 Re8 12. Ne5 Nxe5 13. Bxe5 Nd7 14. Bxg7 Kxg7 15. f4 cxd4 16. cxd4 e5 17. dxe5 Nc5 18. Nf3 d4 19. e4 f6 20. 0-0 fxe5 21. Nxe5 Rxe5 22. fxe5 Qg5 23. Rf3 Qxe5 24. Qf1 Nxd3 25. Rf7+ Kg8 26. Rxb7 Qg3+ 27. Qg2 Qe3+ 28. Kh2 Nf4 29. Qg3 Qe2+ 30. Kg1 Qxe4 31. Re1 Nxh3+ 32. Qxh3 Qxe1+ 33. Qf1 Qxf1+ 34. Kxf1 Rf8+ 35. Kg2 Rf7 36. Rb8+ Kg7 37. Rd8 Kf6 38. Rxd4 Re7 39. Kf3 Kg5 40. Rd2 Re5 41. b4 Rb5 42. Rd4 a5 43. bxa5 bxa5 44. Kg3 Rc5 45. Ra4 Rc3+ 46. Kf2 Kh4 47. Rxa5 Kxg4 48. Ra6 Kh5 49. a4 g5 50. a5 g4 51. Ra8 Kh4 52. a6 Ra3 53. a7 h5 54. Kg2 Ra2+ 55. Kf1 Kg3 56. Rh8 Rxa7 57. Rxh5 Ra1+ 58. Ke2 Kg2 59. Re5 g3 60. Re8 Ra7 61. Re6 Rf7 62. Re8 Rh7 63. Re6 Kh1 0-1

[Event "POL-chT2 U18"]
[Site "Sielpa"]
[Date "2004.??.??"]
[Round "2"]
[White "Bartnicki, Pawel"]
[Black "Cajbel, Maciej"]
[Result "1/2-1/2"]
[WhiteElo "1990"]
[BlackElo "2210"]
[PlyCount "54"]
[EventDate "2004.??.??"]
[EventType "team-tourn"]
[EventRounds "11"]
[EventCountry "POL"]
[SourceTitle "EXT 2007"]
[Source "ChessBase"]
[SourceDate "2006.11.23"]
[SourceVersion "1"]
[SourceVersionDate "2006.11.23"]
[SourceQuality "1"]

1. d4 g6 2. e4 Bg7 3. Nf3 c5 4. c3 cxd4 5. cxd4 d5 6. e5 Nc6 7. Qb3 Nh6 8. Nc3 Nf5 9. Bb5 0-0 10. Bxc6 bxc6 11. 0-0 Ba6 12. Re1 Qb6 13. Qa3 Bb5 14. Nxb5 cxb5 15. Qd3 e6 16. Bd2 b4 17. h3 Rfc8 18. Rec1 Bf8 19. g4 Ne7 20. h4 Rxc1+ 21. Rxc1 Rc8 22. Rxc8 Nxc8 23. h5 Be7 24. hxg6 hxg6 25. Ng5 Qd8 26. Nh3 Qa5 27. Ng5 Qd8 1/2-1/2

[Event "POL-chT2 U18"]
[Site "Sielpa"]
[Date "2004.??.??"]
[Round "3"]
[White "Bartnicki, Pawel"]
[Black "Gola, Karol"]
[Result "0-1"]
[WhiteElo "1990"]
[BlackElo "1970"]
[PlyCount "52"]
[EventDate "2004.??.??"]
[EventType "team-tourn"]
[EventRounds "11"]
[EventCountry "POL"]
[SourceTitle "EXT 2007"]
[Source "ChessBase"]
[SourceDate "2006.11.23"]
[SourceVersion "1"]
[SourceVersionDate "2006.11.23"]
[SourceQuality "1"]

1. d4 d5 2. c4 dxc4 3. Nc3 a6 4. a4 Nc6 5. e3 Na5 6. Nf3 Bg4 7. h3 Bh5 8. g4 Bg6 9. Ne5 e6 10. Nxc4 Nxc4 11. Bxc4 Nf6 12. Qb3 Rb8 13. a5 Bd6 14. Qa4+ c6 15. Rg1 Ne4 16. Nxe4 Bxe4 17. Bd2 Bh2 18. 0-0-0 Bxg1 19. Rxg1 0-0 20. g5 b5 21. axb6 Qxb6 22. Bc3 c5 23. h4 cxd4 24. exd4 Rfc8 25. Qxa6 Qxa6 26. Bxa6 Rxc3+ 0-1

[Event "POL-chT2 U18"]
[Site "Sielpa"]
[Date "2004.??.??"]
[Round "9"]
[White "Bartnicki, Pawel"]
[Black "Panocki, Adrian"]
[Result "1/2-1/2"]
[WhiteElo "1990"]
[BlackElo "2080"]
[PlyCount "58"]
[EventDate "2004.??.??"]
[EventType "team-tourn"]
[EventRounds "11"]
[EventCountry "POL"]
[SourceTitle "EXT 2007"]
[Source "ChessBase"]
[SourceDate "2006.11.23"]
[SourceVersion "1"]
[SourceVersionDate "2006.11.23"]
[SourceQuality "1"]

1. d4 Nf6 2. c4 g6 3. Nc3 d5 4. cxd5 Nxd5 5. e4 Nxc3 6. bxc3 Bg7 7. Bb2 0-0 8. Bc4 c5 9. Ne2 Qc7 10. Rc1 Nc6 11. 0-0 Na5 12. Bd3 b5 13. Ba3 c4 14. Bb1 Re8 15. f4 e6 16. Ng3 f5 17. e5 Bb7 18. Qe1 Nc6 19. h4 h5 20. Bd6 Qd7 21. Ne2 Ne7 22. Qg3 Kh7 23. Kh1 Ng8 24. Ng1 Nh6 25. Nf3 Ng4 26. Bc2 Bf8 27. Bxf8 Rxf8 28. Bd1 Kg7 29. Ng5 Bd5 1/2-1/2